000 01114nam a22002297a 4500
003 BD-DhJNU
005 20260216042337.0
008 260216b |||||||| |||| 00| 0 eng d
020 _a9789849727729
040 _aBD-DhJNU
_bBEN
_cBD-DhJNU
_dBD-DhJNU
082 _223
_a398.2
100 _aগেইম্যান, নিল
242 _aNorse mythology:
_bNorwegian mythology /
_cNeil Gaiman and Farzana Jahan (translators)
245 _aনর্স মিথোলজি :
_bনরওয়ের পৌরাণিক কাহিনি /
_cনিল গেইম্যান এবং ফারজানা জাহান (অনুবাদক)
260 _aঢাকা :
_bদিব্য প্রকাশ,
_c2024.
300 _a১৭৬ পৃ. :
_bচিত্র ;
_c২২ সেমি.।
504 _aগ্রন্থপঞ্জিগত নির্দেশিকা ও নিঘন্ট অন্তভূক্ত
650 _aGods, Norse
650 _aগডস, নর্স
700 _aজাহান, ফারজানা
_eঅনুবাদক
942 _2ddc
_cBK
_n0
999 _c2612
_d2612